[Event "Wch Seniors 65 31st"]
[Site "Terassini"]
[Date "2023.10.29"]
[Round "5"]
[White "Reprintsev, Alexander"]
[Black "Furman, Boris"]
[Result "1-0"]
[WhiteElo "2227"]
[BlackElo "2134"]
[PlyCount "53"]
[EventDate "2023.10.25"]
[EventType "swiss"]
[EventRounds "11"]
[EventCountry "ITA"]
[SourceTitle "Mega2024 Update 01"]
[Source "Chessbase"]
[SourceDate "2023.11.12"]
[SourceVersion "1"]
[SourceVersionDate "2023.11.12"]
[SourceQuality "1"]

1. e4 c5 2. Nf3 Nc6 3. d4 cxd4 4. Nxd4 Nf6 5. Nc3 d6 6. g3 g6 7. Bg2 Bg7 8. h3 Bd7 9. Be3 0-0 10. 0-0 a6 11. Nd5 Nxd5 12. exd5 Nxd4 13. Bxd4 Bxd4 14. Qxd4 Rc8 15. c3 b5 16. Rfe1 Re8 17. Re3 Rc4 18. Qd2 Bc8 19. Rae1 Bb7 20. b3 Rc7 21. h4 h5 22. g4 hxg4 23. h5 gxh5 24. Re6 f6 25. Qh6 Rf8 26. Qg6+ Kh8 27. Be4 1-0

[Event "EU-ch Seniors 65 22nd"]
[Site "Acqui Terme"]
[Date "2023.06.03"]
[Round "9"]
[White "Furman, Boris"]
[Black "Van Herck, Marcel"]
[Result "1-0"]
[WhiteElo "2142"]
[BlackElo "2009"]
[PlyCount "47"]
[EventDate "2023.05.26"]
[EventType "swiss"]
[EventRounds "9"]
[EventCountry "ITA"]
[SourceTitle "CBM 214 Extra"]
[Source "ChessBase"]
[SourceDate "2023.07.31"]
[SourceVersion "1"]
[SourceVersionDate "2023.07.31"]
[SourceQuality "1"]

1. d4 Nf6 2. c4 g6 3. Nc3 Bg7 4. Nf3 0-0 5. Bg5 h6 6. Bh4 c5 7. d5 d6 8. e3 g5 9. Bg3 Nh5 10. Nd2 Nxg3 11. hxg3 f5 12. Be2 Nd7 13. f4 Nf6 14. fxg5 hxg5 15. g4 e5 16. Qc2 e4 17. gxf5 Bxf5 18. 0-0-0 Qe7 19. Rdf1 Bg6 20. Nd1 b5 21. cxb5 Bf7 22. Nc3 Nxd5 23. Rxf7 Rxf7 24. Nxd5 1-0

[Event "EU-ch Seniors 65 22nd"]
[Site "Acqui Terme"]
[Date "2023.05.31"]
[Round "6"]
[White "Green, Per"]
[Black "Furman, Boris"]
[Result "0-1"]
[WhiteElo "1899"]
[BlackElo "2142"]
[PlyCount "100"]
[EventDate "2023.05.26"]
[EventType "swiss"]
[EventRounds "9"]
[EventCountry "ITA"]
[SourceTitle "CBM 214 Extra"]
[Source "ChessBase"]
[SourceDate "2023.07.31"]
[SourceVersion "1"]
[SourceVersionDate "2023.07.31"]
[SourceQuality "1"]

1. c4 e6 2. g3 d5 3. Bg2 Nf6 4. Nf3 d4 5. e3 c5 6. exd4 cxd4 7. d3 Nc6 8. 0-0 Bd6 9. Bg5 h6 10. Bxf6 Qxf6 11. Nbd2 Qd8 12. Re1 0-0 13. Nb3 e5 14. c5 Bc7 15. Nfd2 Bf5 16. Ne4 Be6 17. a3 f5 18. Ned2 Bd5 19. Bxd5+ Qxd5 20. f3 a5 21. Qc2 a4 22. Nc1 Ba5 23. b4 axb3 24. Qxb3 Qxb3 25. Ncxb3 Bc3 26. Rab1 Rxa3 27. Red1 Ra2 28. Nc4 Rfa8 29. Nc1 Rc2 30. Nd6 Bd2 31. Nxf5 Rf8 32. Nd6 Be3+ 33. Kh1 Rxf3 34. Ne4 Bxc1 35. Rdxc1 Rxc1+ 36. Rxc1 Rxd3 37. Rb1 Re3 38. Nd6 d3 39. Rd1 Nd4 40. Nc4 Re2 41. Rxd3 Ne6 42. Rd5 e4 43. Re5 Ng5 44. Re8+ Kf7 45. Nd6+ Kg6 46. Kg1 e3 47. Rf8 Ne6 48. Rc8 Rc2 49. Kf1 Nxc5 50. Nxb7 e2+ 0-1

[Event "Wch Seniors 65 30th"]
[Site "Assisi"]
[Date "2022.11.19"]
[Round "5"]
[White "Furman, Boris"]
[Black "Kerr, Grant"]
[Result "1-0"]
[WhiteElo "2166"]
[BlackElo "1741"]
[PlyCount "73"]
[EventDate "2022.11.15"]
[EventType "swiss"]
[EventRounds "11"]
[EventCountry "ITA"]
[SourceTitle "CBM 211 Extra"]
[Source "ChessBase"]
[SourceDate "2023.01.31"]
[SourceVersion "1"]
[SourceVersionDate "2023.01.31"]
[SourceQuality "1"]

1. d4 Nf6 2. c4 g6 3. Nc3 Bg7 4. Nf3 0-0 5. Bg5 d6 6. e3 c5 7. d5 a6 8. a4 h6 9. Bh4 Qc7 10. Nd2 e6 11. Be2 exd5 12. cxd5 Re8 13. 0-0 Nbd7 14. h3 Rb8 15. Kh1 b6 16. Ra3 Bb7 17. e4 Nh7 18. f4 Rbc8 19. Bd3 Rb8 20. Bg3 Nhf6 21. Nc4 Ba8 22. Rb3 Bb7 23. Bh2 Ba8 24. Bc2 Nh7 25. e5 dxe5 26. fxe5 Nxe5 27. Ne4 f6 28. Ned6 Red8 29. Bxe5 fxe5 30. Rf7 Rd7 31. Bxg6 Rxf7 32. Bxf7+ Kh8 33. Rg3 Ng5 34. Rxg5 Rf8 35. Rxg7 Kxg7 36. Qg4+ Kh8 37. Qg6 1-0

[Event "Veliko Gradiste Silver Lake op-A"]
[Site "Veliko Gradiste"]
[Date "2022.06.25"]
[Round "8"]
[White "Tadic, Stefan"]
[Black "Furman, Boris"]
[Result "1/2-1/2"]
[WhiteElo "2373"]
[BlackElo "2121"]
[PlyCount "98"]
[EventDate "2022.06.19"]
[EventType "swiss"]
[EventRounds "9"]
[EventCountry "SRB"]
[SourceTitle "CBM 209 Extra"]
[Source "ChessBase"]
[SourceDate "2022.09.30"]
[SourceVersion "1"]
[SourceVersionDate "2022.09.30"]
[SourceQuality "1"]

1. e4 c5 2. Nf3 Nc6 3. d4 cxd4 4. Nxd4 Nf6 5. Nc3 d6 6. Bg5 e6 7. Qd2 Be7 8. 0-0-0 0-0 9. f4 d5 10. e5 Nd7 11. h4 Nxd4 12. Qxd4 f6 13. exf6 Nxf6 14. Be2 h6 15. Kb1 Qa5 16. Qd3 Bb4 17. Bxf6 Rxf6 18. Nb5 Bd7 19. Rhf1 Bxb5 20. Qxb5 Qxb5 21. Bxb5 Raf8 22. g3 g5 23. fxg5 Rxf1 24. Bxf1 hxg5 25. Bh3 Re8 26. hxg5 Bc5 27. c3 Kg7 28. Rf1 e5 29. Bf5 e4 30. Rh1 e3 31. Bd3 Bd6 32. Rh7+ Kg8 33. Rd7 Bxg3 34. Be2 Re5 35. Rxb7 Rxg5 36. Rxa7 Be5 37. Kc2 d4 38. cxd4 Bxd4 39. Ra4 Bb6 40. Rg4 Rxg4 41. Bxg4 Kf7 42. Kc3 Ke7 43. Kc4 Kd6 44. Kb5 Kc7 45. b4 Kb7 46. a4 Ka7 47. Kc6 Bd8 48. a5 Bxa5 49. bxa5 Ka6 1/2-1/2

[Event "Veliko Gradiste Silver Lake op-A"]
[Site "Veliko Gradiste"]
[Date "2022.06.24"]
[Round "7"]
[White "Furman, Boris"]
[Black "Ojas, Kulkarni"]
[Result "1/2-1/2"]
[WhiteElo "2121"]
[BlackElo "2226"]
[PlyCount "43"]
[EventDate "2022.06.19"]
[EventType "swiss"]
[EventRounds "9"]
[EventCountry "SRB"]
[SourceTitle "CBM 209 Extra"]
[Source "ChessBase"]
[SourceDate "2022.09.30"]
[SourceVersion "1"]
[SourceVersionDate "2022.09.30"]
[SourceQuality "1"]

1. d4 Nf6 2. c4 g6 3. Nc3 d5 4. Bg5 Ne4 5. Bh4 Nxc3 6. bxc3 dxc4 7. Qa4+ c6 8. Qxc4 Qa5 9. e3 Be6 10. Qb4 Qxb4 11. cxb4 Bg7 12. Nf3 Bd5 13. Be2 Nd7 14. 0-0 e5 15. Rfd1 0-0 16. Bg3 exd4 17. Nxd4 a5 18. a3 Rfe8 19. Rab1 axb4 20. axb4 Ra2 21. Bf3 Nb6 22. b5 1/2-1/2

[Event "Veliko Gradiste Silver Lake op-A"]
[Site "Veliko Gradiste"]
[Date "2022.06.22"]
[Round "5"]
[White "Martic, Ivan"]
[Black "Furman, Boris"]
[Result "0-1"]
[WhiteElo "2314"]
[BlackElo "2121"]
[PlyCount "62"]
[EventDate "2022.06.19"]
[EventType "swiss"]
[EventRounds "9"]
[EventCountry "SRB"]
[SourceTitle "CBM 209 Extra"]
[Source "ChessBase"]
[SourceDate "2022.09.30"]
[SourceVersion "1"]
[SourceVersionDate "2022.09.30"]
[SourceQuality "1"]

1. e4 c5 2. Nf3 Nc6 3. d4 cxd4 4. Nxd4 Nf6 5. Nc3 d6 6. Bg5 e6 7. Qd2 Be7 8. 0-0-0 0-0 9. f3 Nxd4 10. Qxd4 a6 11. h4 b5 12. Kb1 Bb7 13. Qd2 Rc8 14. Bd3 Nd7 15. Ne2 d5 16. exd5 Bxd5 17. Nf4 Bc6 18. Qe1 Qe8 19. Qg3 Kh8 20. Rde1 Nc5 21. Nh5 Rg8 22. Bxh7 Kxh7 23. Bxe7 Qxe7 24. Re5 f5 25. Qg5 Qd6 26. Nf4 Be8 27. Rhe1 Bf7 28. h5 Ne4 29. R5xe4 fxe4 30. Rh1 Rgd8 31. b3 Qc5 0-1

[Event "Vojvodina op 11th"]
[Site "Novi Sad"]
[Date "2021.07.30"]
[Round "8"]
[White "Furman, Boris"]
[Black "Sankalan, Shah"]
[Result "1-0"]
[WhiteElo "2114"]
[BlackElo "1903"]
[PlyCount "81"]
[EventDate "2021.07.25"]
[EventType "swiss"]
[EventRounds "9"]
[EventCountry "SRB"]
[SourceTitle "CBM 203 Extra"]
[Source "ChessBase"]
[SourceDate "2021.09.30"]
[SourceVersion "1"]
[SourceVersionDate "2021.09.30"]
[SourceQuality "1"]

1. d4 Nf6 2. c4 g6 3. Nc3 Bg7 4. Nf3 0-0 5. Bg5 c5 6. d5 d6 7. e3 Na6 8. Bd3 Nc7 9. a4 e6 10. e4 exd5 11. cxd5 h6 12. Bh4 Re8 13. 0-0 Rb8 14. Nd2 g5 15. Bg3 Ng4 16. Nc4 Ne5 17. Bxe5 Bxe5 18. Nxe5 dxe5 19. Bb5 Bd7 20. Bxd7 Qxd7 21. Qh5 Kg7 22. h4 f6 23. Rad1 Red8 24. g3 Qh3 25. d6 Ne6 26. Nd5 Rg8 27. Ne7 Kh7 28. Nxg8 Rxg8 29. Qf7+ Rg7 30. Qxf6 Nd4 31. Rxd4 exd4 32. h5 Qg4 33. Qe5 b6 34. Kg2 Rf7 35. f3 Qd7 36. Qd5 Rf6 37. e5 Re6 38. f4 gxf4 39. Rxf4 Kg7 40. Qe4 Qe8 41. Rf5 1-0

[Event "Veliko Gradiste Silver Lake op-A"]
[Site "Veliko Gradiste"]
[Date "2021.06.28"]
[Round "7"]
[White "Muskinja, Luka"]
[Black "Furman, Boris"]
[Result "1/2-1/2"]
[WhiteElo "1876"]
[BlackElo "2114"]
[PlyCount "77"]
[EventDate "2021.06.23"]
[EventType "swiss"]
[EventRounds "9"]
[EventCountry "SRB"]
[SourceTitle "EXT 2022"]
[Source "ChessBase"]
[SourceDate "2021.10.06"]
[SourceVersion "1"]
[SourceVersionDate "2021.10.06"]
[SourceQuality "1"]

1. Nf3 d5 2. b3 Nf6 3. Bb2 c5 4. e3 Nc6 5. d4 e6 6. Bd3 Bd6 7. Nbd2 0-0 8. 0-0 b6 9. a3 Bb7 10. Qe2 Qe7 11. Ne5 Rad8 12. f4 Nd7 13. Rf3 f5 14. Rh3 Nf6 15. Ndf3 Ne4 16. Bxe4 fxe4 17. Ng5 Bxe5 18. Rxh7 Rf6 19. dxe5 Rh6 20. Rxh6 gxh6 21. Nh3 Kh7 22. Qh5 Qe8 23. Qxe8 Rxe8 24. Nf2 Rg8 25. Rd1 Ne7 26. Nxe4 Rg7 27. Nf6+ Kg6 28. Kf2 h5 29. Rg1 Bc6 30. g4 hxg4 31. Rxg4+ Kf7 32. Rxg7+ Kxg7 33. Nh5+ Kg6 34. Ng3 Nf5 35. Nxf5 Kxf5 36. Kg3 Bb5 37. Kf3 Be8 38. Bc1 Bh5+ 39. Kg3 1/2-1/2

[Event "Veliko Gradiste Silver Lake op-A"]
[Site "Veliko Gradiste"]
[Date "2021.06.26"]
[Round "5"]
[White "Petricenco, Ana"]
[Black "Furman, Boris"]
[Result "0-1"]
[WhiteElo "1885"]
[BlackElo "2114"]
[PlyCount "82"]
[EventDate "2021.06.23"]
[EventType "swiss"]
[EventRounds "9"]
[EventCountry "SRB"]
[SourceTitle "CBM 203 Extra"]
[Source "ChessBase"]
[SourceDate "2021.09.30"]
[SourceVersion "1"]
[SourceVersionDate "2021.09.30"]
[SourceQuality "1"]

1. e4 c5 2. Nf3 Nc6 3. Bb5 g6 4. Bxc6 bxc6 5. 0-0 Bg7 6. Re1 Nh6 7. h3 0-0 8. d3 d6 9. c3 Rb8 10. Be3 f6 11. Qc1 Nf7 12. d4 cxd4 13. Nxd4 Bd7 14. Nd2 e5 15. N4b3 f5 16. f3 a5 17. Qc2 f4 18. Bf2 g5 19. Rad1 Be6 20. c4 c5 21. Nb1 Qb6 22. Re2 h5 23. Be1 a4 24. Nc1 Qa6 25. b3 axb3 26. axb3 Bf6 27. Nc3 g4 28. hxg4 hxg4 29. Nb5 Rxb5 30. cxb5 Qxb5 31. Rdd2 Be7 32. Rd3 Kg7 33. Qc3 g3 34. Ra2 Rh8 35. Ra7 c4 36. Rxe7 cxd3 37. Nxd3 Qb6+ 38. Kf1 Rh1+ 39. Ke2 Qe3+ 40. Kd1 Rxe1+ 41. Qxe1 Bxb3# 0-1

[Event "Wch Seniors 65 29th"]
[Site "Bucharest"]
[Date "2019.11.22"]
[Round "10"]
[White "Ladisic, Alex Sacha"]
[Black "Furman, Boris"]
[Result "1/2-1/2"]
[WhiteElo "1972"]
[BlackElo "2093"]
[PlyCount "92"]
[EventDate "2019.11.12"]
[EventType "swiss"]
[EventRounds "11"]
[EventCountry "ROU"]
[SourceTitle "CBM 193 Extra"]
[Source "ChessBase"]
[SourceDate "2020.01.31"]
[SourceVersion "1"]
[SourceVersionDate "2020.01.31"]
[SourceQuality "1"]

1. e4 c5 2. Nf3 Nc6 3. Bb5 g6 4. 0-0 Bg7 5. c3 Nf6 6. Qe2 0-0 7. d4 cxd4 8. cxd4 d5 9. e5 Ne4 10. h3 Qb6 11. Be3 f5 12. exf6 exf6 13. Nc3 Nxc3 14. bxc3 a6 15. Bd3 f5 16. Qd2 Qa5 17. Bh6 Bd7 18. Rfb1 Qc7 19. Bf4 Qc8 20. Rb6 Nd8 21. Rab1 Rf6 22. Rxf6 Bxf6 23. Be5 Bxe5 24. Nxe5 Nf7 25. Re1 Nxe5 26. Rxe5 Be6 27. Qe3 Bf7 28. Be2 Qc6 29. g4 fxg4 30. Bxg4 Rf8 31. Re7 h5 32. Bd7 Qf6 33. a4 b6 34. Kg2 Rd8 35. Be8 Rxe8 36. Rxe8+ Bxe8 37. Qxe8+ Kg7 38. Qd7+ Qf7 39. Qd6 Qf5 40. Qe7+ Kh6 41. Kg3 Qg5+ 42. Qxg5+ Kxg5 43. f4+ Kf5 44. Kf3 h4 45. Ke3 a5 46. Kf3 Ke6 1/2-1/2

[Event "EU-ch Seniors 65 19th"]
[Site "Rhodes"]
[Date "2019.04.12"]
[Round "7"]
[White "Bogdanov, Valentin"]
[Black "Furman, Boris"]
[Result "1/2-1/2"]
[WhiteElo "2357"]
[BlackElo "2134"]
[PlyCount "129"]
[EventDate "2019.04.06"]
[EventType "swiss"]
[EventRounds "9"]
[EventCountry "GRE"]
[SourceTitle "CBM 189 Extra"]
[Source "ChessBase"]
[SourceDate "2019.06.03"]
[SourceVersion "1"]
[SourceVersionDate "2019.06.03"]
[SourceQuality "1"]

1. d4 Nf6 2. c4 e6 3. Nc3 Bb4 4. Qc2 Nc6 5. Nf3 d6 6. e3 e5 7. Bd2 0-0 8. a3 Bxc3 9. Bxc3 Re8 10. 0-0-0 Qe7 11. h3 e4 12. d5 Nb8 13. Nd2 Nfd7 14. g4 a5 15. Be2 c6 16. h4 cxd5 17. cxd5 Nc5 18. Nc4 Qc7 19. Kb1 a4 20. Bd4 Nbd7 21. Rc1 Nb3 22. Nb6 Qxc2+ 23. Rxc2 Nxd4 24. Nxa8 Nxc2 25. Kxc2 Ne5 26. Nb6 Bxg4 27. Kd2 Bxe2 28. Kxe2 Nd3 29. Nxa4 Rc8 30. Nc3 f5 31. Rb1 Nxb2 32. Rxb2 Rxc3 33. Rxb7 Rxa3 34. Rb6 Kf7 35. Rxd6 Ke7 36. Rb6 Ra7 37. Kf1 Rd7 38. Re6+ Kf7 39. Re5 g6 40. Kg2 Rd6 41. Kg3 Kf6 42. Re8 Rxd5 43. Ra8 Rd6 44. Ra7 h5 45. Rh7 Rd1 46. Ra7 Rg1+ 47. Kh3 Rg4 48. Ra6+ Ke5 49. Ra5+ Kd6 50. Rb5 f4 51. exf4 Rxf4 52. Kg3 Rg4+ 53. Kh3 Ke6 54. Ra5 Kf6 55. Rb5 g5 56. hxg5+ Rxg5 57. Rb8 Ke5 58. Kh4 Rg2 59. Re8+ Kd4 60. Rd8+ Kc3 61. Rf8 Rh2+ 62. Kg3 Rh1 63. Rf4 Kd3 64. Kg2 Ra1 65. Rf5 1/2-1/2

[Event "EU-ch Seniors 65 19th"]
[Site "Rhodes"]
[Date "2019.04.08"]
[Round "3"]
[White "Hewson, Brian Wr"]
[Black "Furman, Boris"]
[Result "0-1"]
[WhiteElo "2004"]
[BlackElo "2134"]
[PlyCount "94"]
[EventDate "2019.04.06"]
[EventType "swiss"]
[EventRounds "9"]
[EventCountry "GRE"]
[SourceTitle "CBM 189 Extra"]
[Source "ChessBase"]
[SourceDate "2019.06.03"]
[SourceVersion "1"]
[SourceVersionDate "2019.06.03"]
[SourceQuality "1"]

1. d4 Nf6 2. g3 d5 3. Nf3 e6 4. Bg2 b5 5. a4 b4 6. c4 bxc3 7. bxc3 Bb7 8. Qb3 Qc8 9. Ne5 Nfd7 10. f4 c5 11. 0-0 Nc6 12. Nxc6 Bxc6 13. f5 Nf6 14. Qc2 Be7 15. Nd2 Bb7 16. fxe6 Qxe6 17. Nf3 Ne4 18. Ba3 Rc8 19. Qb2 Ba6 20. Ne5 0-0 21. Nd3 cxd4 22. cxd4 Rb8 23. Nf4 Rxb2 24. Nxe6 Bxa3 25. Nxf8 Bxf8 26. Rab1 Rxb1 27. Rxb1 Nc3 28. Rb8 Bxe2 29. a5 Bc4 30. Ra8 Nb5 31. Rd8 Nxd4 32. Bxd5 Bxd5 33. Rxd5 Nc6 34. Kg2 a6 35. Rd7 Nxa5 36. Ra7 Nc6 37. Rxa6 Ne5 38. Ra8 g6 39. Re8 f6 40. Ra8 Kf7 41. Ra7+ Be7 42. h3 h5 43. Ra4 f5 44. Ra5 Ke6 45. h4 Bd6 46. Rb5 Nd3 47. Rb3 Nc5 0-1

[Event "Wch Seniors 65 28th"]
[Site "Bled"]
[Date "2018.11.26"]
[Round "8"]
[White "Furman, Boris"]
[Black "Anguera Maestro, Jaime"]
[Result "1/2-1/2"]
[WhiteElo "2206"]
[BlackElo "2072"]
[PlyCount "73"]
[EventDate "2018.11.18"]
[EventType "swiss"]
[EventRounds "11"]
[EventCountry "SLO"]
[SourceTitle "CBM 187 Extra"]
[Source "ChessBase"]
[SourceDate "2018.11.04"]
[SourceVersion "1"]
[SourceVersionDate "2018.11.04"]
[SourceQuality "1"]

1. d4 d5 2. c4 e6 3. Nc3 Nf6 4. Bg5 Be7 5. e3 c6 6. cxd5 exd5 7. Bd3 Ne4 8. Bf4 Bb4 9. Nge2 Nd7 10. 0-0 Ndf6 11. f3 Nxc3 12. bxc3 Bd6 13. e4 Bxf4 14. Nxf4 0-0 15. e5 Ne8 16. Nh5 g6 17. Ng3 f5 18. exf6 Nxf6 19. f4 Ng4 20. Qf3 Nh6 21. Rae1 Nf5 22. Nxf5 Bxf5 23. Bxf5 Rxf5 24. g4 Rf7 25. f5 Qg5 26. f6 Raf8 27. Re6 h5 28. h3 hxg4 29. Qxg4 Qxg4+ 30. hxg4 g5 31. Rf5 Kh7 32. Rxg5 Rxf6 33. Rxf6 Rxf6 34. Kg2 Rg6 35. Rh5+ Kg7 36. Kf3 Rf6+ 37. Ke3 1/2-1/2